000 00719nam a2200229Ia 4500
001 9713
003 GE_BSU
008 181216s||||||||xx |||||||||||||| ||und||
040 _cGE_BSU
080 _a821.353.1–1
100 _aნარსია,ნოდარ
245 _aსამშობლოს სადიდებელი
245 _bლექსები
245 _cრედ.ც.ჩხაიძე.მხატვ.ა.თევზაძე
260 _aთბილისი
260 _bნაკადული
260 _c1981
300 _a51გვ.17სმ.
653 _aლექსები
653 _aსამშობლოს სადიდებელი
942 _cBK
999 _c42996
_d42996